Guess the Animals by Their Scientific Names - Statistics

General Stats
  • This quiz has been taken 47 times
  • The average score is 8 of 15
Answer Stats
Hint Answer % Correct
Homo sapiens Human
93%
Panthera leo Lion
93%
Panthera pardus Leopard
90%
Serpentes Snake
88%
Canis lupus Wolf
85%
Lama glama Llama
80%
Equus caballus Horse
78%
Anura Frog
44%
Struthio camelus Ostrich
27%
Rangifer tarandus Reindeer
27%
Chiroptera Bat
24%
Oryctolagus cuniculus Rabbit
24%
Amphiprion ocellaris Clownfish
20%
Chelonia, Testudines Turtle
20%
Phascolarctos cinereus Koala
10%
No matching quizzes found
Score Distribution
Percent of People with Each Score
Percentile by Number Answered
Your Score History
You have not taken this quiz